Préfectures de l'Auvergne Rhône-Alpes - Statistiques

Statistiques générales
  • Ce quiz a été pris 410 fois
  • Le résultat moyen est 9 sur 12
Statistiques - réponses
Département Préfecture % Correct
Rhône Lyon
98%
Loire Saint-Etienne
89%
Isère Grenoble
87%
Puy-de-Dôme Clermont-Ferrand
86%
Haute-Savoie Annecy
85%
Savoie Chambéry
85%
Ain Bourg-en-Bresse
76%
Drôme Valence
68%
Cantal Aurillac
61%
Allier Moulins
61%
Haute-Loire Le Puy-en-Velay
59%
Ardèche Privas
59%
Aucun quiz correspondant
Distribution des résultats
% des personnes avec chaque résultat
Percentile par nombre de réponses
Votre historique - résultats
Vous n’avez pas pris ce quiz